00462nam a2200193Ia 4500008004100000020001800041050001400059100001900073245003600092245002200128260001500150260001600165260000900181300001500190300002000205300001000225300002700235440000600262170918s9999 xx 000 0 und d a9780545552974 bC971 2013 aCummings, Troy aAttack of the shadow smashers / cby Troy Cummings. aNew York : bScholastic, c2013 a88 pages : billustrations ; c19cm. eThe notebook of doom ; a3